Chemistry Study - Statistics

General Stats
  • This quiz has been taken 18 times
  • The average score is 9 of 20
Answer Stats
Hint Answer % Correct
4 Beryllium - Be
100%
17 Chlorine - Cl
100%
2 Helium - He
100%
1 Hydrogen - H
100%
3 Lithium - Li
100%
7 Nitrogen - N
100%
11 Sodium - Na
100%
33 Arsenic - As
75%
10 Neon - Ne
75%
8 Oxygen - O
75%
14 Silicon - Si
75%
6 Carbon - C
67%
27 Cobalt - Co
67%
9 Fluorine - F
67%
82 Lead - Pb
67%
5 Boron - B
57%
13 Aluminum - Al
50%
18 Argon - Ar
50%
79 Gold - Au
50%
12 Magnesium - Mg
50%
25 Manganese - Mn
50%
19 Potassium - K
50%
22 Titanium - Ti
50%
30 Zinc - Zn
50%
31 Gallium - Ga
33%
28 Nickel - Ni
33%
86 Radon - Rn
33%
21 Scandium - Sc
33%
23 Vanadium - V
33%
54 Xenon - Xe
33%
53 Iodine - I
25%
80 Mercury - Hg
25%
29 Copper - Cu
20%
50 Tin - Sn
20%
35 Bromine - Br
17%
55 Cesium - Cs
17%
38 Strontium - Sr
17%
47 Silver - Ag
14%
56 Barium - Ba
0%
20 Calcium - Ca
0%
24 Chromium - Cr
0%
32 Germanium - Ge
0%
26 Iron - Fe
0%
36 Krypton - Kr
0%
15 Phosphorus - P
0%
34 Selenium - Se
0%
16 Sulfur - S
0%
No matching quizzes found
Score Distribution
Percent of People with Each Score
Percentile by Number Answered
Your Score History
You have not taken this quiz